[Event "FRA-chT4 0405"]
[Site "Franconville"]
[Date "2005.04.03"]
[Round "7.8"]
[White "Merle, Didier"]
[Black "Catalan, Vincent"]
[Result "0-1"]
[WhiteElo "1390"]
[BlackElo "1670"]
[PlyCount "38"]
[EventDate "2004.10.10"]
[EventType "team-tourn"]
[EventRounds "7"]
[EventCountry "FRA"]
[SourceTitle "EXT 2007"]
[Source "ChessBase"]
[SourceDate "2006.11.23"]
[SourceVersion "1"]
[SourceVersionDate "2006.11.23"]
[SourceQuality "1"]

1. e4 c5 2. Nf3 d6 3. d4 cxd4 4. Nxd4 Nf6 5. Nc3 a6 6. Bg5 e6 7. f4 Be7 8. Qf3 Qc7 9. Bxf6 Bxf6 10. 0-0-0 Bxd4 11. Rxd4 Nc6 12. Rd2 b5 13. a3 b4 14. Nb1 Rb8 15. Bc4 Na5 16. b3 0-0 17. Bd3 Nxb3+ 18. Kd1 Nxd2 19. Kxd2 bxa3 0-1